Quiz dos estados brasileiros - Ceará - Statistics

Estatísticas Gerais
  • Esse quiz foi jogado 205 vezes
  • A pontuação média é 15 de 23
Estatísticas das Respostas
Dica Resposta % Correto
Capital Fortaleza
99%
3 cidades mais populosas Fortaleza
99%
Bioma marcado pela seca com vegetação baixa caatinga
93%
Foi o primeiro estado do Brasil a abolir essa forma de trabalho escravidão
85%
Humorista líder do grupo Trapalhões Renato Aragão
82%
Religioso carismático considerado padrinho do povo nordestino Padre Cícero
76%
Rio cuja obra de transposição alcança o estado São Francisco
75%
Humorista que se elegeu deputado federal com o lema "Pior do que tá não fica" Tiririca
75%
Estádio da capital Arena Castelão
74%
Doce feito a partir da cana-de-açúcar vendido em tabletes rapadura
74%
3 cidades mais populosas Juazeiro do Norte
72%
Maior parque aquático da América Latina Beach Park
71%
Humorista intérprete do personagem "Professor Raimundo" Chico Anysio
67%
Praias de fama nacional Jericoacoara
61%
3 cidades mais populosas Caucaia
60%
Praias de fama nacional Canoa Quebrada
51%
Embarcação de madeira símbolo do estado jangada
50%
Humorista que participou do programa "Sai de Baixo" Tom Cavalcante
48%
O estado é o segundo maior produtor nacional desse minério que pode ser usado na geração de energia e em armas de destruição em massa urânio
47%
Fenômeno astronômico observado no estado cujas fotografias comprovaram a relatividade geral de Einstein eclipse
39%
Tipo de vestuário responsável por aprox. 25% das exportações do estado calçado
24%
O estado é referência mundial nesse esporte aquático kitesurf
22%
Chapada na fronteira com o Rio Grande do Norte Chapada do Apodi
17%
Nenhum quiz correspondente encontrado
Distribuição das Pontuações
Porcentagem de Pessoas com Cada Pontuação
Percentil de Números Respondidos
Sua Pontuação Histórica
Você não jogou esse quiz